<?xml version="1.0" encoding="UTF-8"?>
<collection xmlns="http://www.loc.gov/MARC21/slim">
 <record>
  <leader>01257nam a22002657a 4500</leader>
  <controlfield tag="001">37912</controlfield>
  <controlfield tag="003">BD-DhAAL</controlfield>
  <controlfield tag="008">220307t2004    bg ||||| |||| 00| 0 ben d</controlfield>
  <datafield tag="999" ind1=" " ind2=" ">
   <subfield code="c">43674</subfield>
   <subfield code="d">43674</subfield>
  </datafield>
  <datafield tag="020" ind1=" " ind2=" ">
   <subfield code="a">9844831725</subfield>
  </datafield>
  <datafield tag="020" ind1=" " ind2=" ">
   <subfield code="a">9789844831728</subfield>
  </datafield>
  <datafield tag="040" ind1=" " ind2=" ">
   <subfield code="a">BD-DhAAL</subfield>
  </datafield>
  <datafield tag="041" ind1=" " ind2=" ">
   <subfield code="a">ben</subfield>
  </datafield>
  <datafield tag="082" ind1=" " ind2=" ">
   <subfield code="a">954.14</subfield>
  </datafield>
  <datafield tag="245" ind1=" " ind2=" ">
   <subfield code="a">মির্জা নাথান বাহারীস্তান-ই-গায়বী,</subfield>
   <subfield code="p">অখণ্ড সংস্করণ /</subfield>
   <subfield code="c">খালেকদাদ চৌধুরী অনূদিত</subfield>
  </datafield>
  <datafield tag="246" ind1=" " ind2=" ">
   <subfield code="a">Baharistan-I-Gayabi (Bengali translation of Mirza Nathan's 'Baharistan_I_Gaybi)</subfield>
  </datafield>
  <datafield tag="250" ind1=" " ind2=" ">
   <subfield code="a">প্রথম দিব্যপ্রকাশ সংস্করণ</subfield>
  </datafield>
  <datafield tag="260" ind1=" " ind2=" ">
   <subfield code="a">ঢাকা :</subfield>
   <subfield code="b">দিব্যপ্রকাশ,</subfield>
   <subfield code="c">২০০৪.</subfield>
  </datafield>
  <datafield tag="300" ind1=" " ind2=" ">
   <subfield code="a">৬৫৫ পৃষ্ঠা ;</subfield>
   <subfield code="c">২২ সে.মি.</subfield>
  </datafield>
  <datafield tag="541" ind1=" " ind2=" ">
   <subfield code="a">Donated by Akbar Ali Khan</subfield>
   <subfield code="e">37912</subfield>
  </datafield>
  <datafield tag="650" ind1=" " ind2=" ">
   <subfield code="a">Bengal (India)</subfield>
   <subfield code="x">History.</subfield>
   <subfield code="9">46465</subfield>
  </datafield>
  <datafield tag="700" ind1=" " ind2=" ">
   <subfield code="a">চৌধুরী, খালেকদাদ</subfield>
   <subfield code="9">46466</subfield>
  </datafield>
  <datafield tag="852" ind1=" " ind2=" ">
   <subfield code="a">Ayesha Abed Library</subfield>
   <subfield code="c">Akbar Ali Khan Collection</subfield>
  </datafield>
  <datafield tag="942" ind1=" " ind2=" ">
   <subfield code="2">ddc</subfield>
   <subfield code="c">BK</subfield>
  </datafield>
  <datafield tag="952" ind1=" " ind2=" ">
   <subfield code="0">0</subfield>
   <subfield code="1">0</subfield>
   <subfield code="2">ddc</subfield>
   <subfield code="4">0</subfield>
   <subfield code="6">954_140000000000000_MIR</subfield>
   <subfield code="7">1</subfield>
   <subfield code="9">70007</subfield>
   <subfield code="a">BRACUL</subfield>
   <subfield code="b">BRACUL</subfield>
   <subfield code="c">AAKC</subfield>
   <subfield code="d">2022-03-07</subfield>
   <subfield code="e">Donated by Akbar Ali Khan</subfield>
   <subfield code="l">0</subfield>
   <subfield code="o">954.14 MIR</subfield>
   <subfield code="p">3010037912</subfield>
   <subfield code="r">2022-03-07</subfield>
   <subfield code="t">1</subfield>
   <subfield code="w">2022-03-07</subfield>
   <subfield code="y">BK</subfield>
  </datafield>
 </record>
</collection>
